Risultati dell'Inter in UEFA Champions League 2022-2023 - Statistics

Statistiche generali
  • Questo quiz è stato fatto 113 volte
  • Il punteggio medio è 10 su 13
Statistiche sulle risposte
Hint Risposta % Corretto
Inter - Bayern Monaco 0-2
86%
Inter - Milan 1-0
85%
Manchester City - Inter 1-0
83%
Milan - Inter 0-2
82%
Barcellona - Inter 3-3
82%
Porto - Inter 0-0
74%
Inter - Barcellona 1-0
74%
Inter - Porto 1-0
73%
Benfica - Inter 0-2
72%
Inter - Viktoria Plzeň 4-0
72%
Viktoria Plzeň - Inter 0-2
69%
Inter - Benfica 3-3
66%
Bayern Monaco - Viktoria Plzeň 2-0
34%
Nessun quiz corrispondente trovato
Distribuzione punteggi
Percentuale di utenti per punteggio
Percentile per numero di risposta
I tuoi punteggi nel tempo
Non hai fatto questo quiz